Normal view
MARC view
- Bailey, Jacqui
Entry Nombre Personal
001 - NUMERO DE CONTROL
- campo de control: 37304
003 - IDENTIFICADOR DE NUMERO DE CONTROL
- campo de control: UPN
005 - FECHA Y HORA DE LA ÜLTIMA TRANSACCIÓN
- campo de control: 20210219194523.0
008 - DATOS DE LONGITUD FIJA
- campo de control de longitud fija: nabaccnnaabn|||||||||| b |nc|||||d
035 ## - NUMERO DE CONTROL
- Número de control: UPN11000009411
040 ## - FUENTE DE CATALOGACIÓN
- Lenguaje de catalogación: SPA
- Agencia de transcripción: UPN
100 1# - ENCABEZAMIENTO - NOMBRE PERSONAL
- Nombre personal: Bailey, Jacqui
670 ## - FUENTE EN LA QUE SE LOCALIZARON DATOS
- Cita de la fuente: LC/P
680 ## - NOTA PUBLICA DE ACCESO PÚBLICO
- Frase explicativa de la referencia: Vive en el sureste de Londres. Es escritora, editora y madre dos hijos. Principalmente, se ha dedicado a los libros para niños, aunque como editora ha realizado desde libros ilustrados hasta enciclopedias. Su tema preferido es la ciencia, ya que le parece más extraño que la ficción.
902 ## - CATALOGADOR
- Catalogador: MITM/220615
